Người đàn bà trên đảo trong sương hồng hiện ra

Gorde:
Xehetasun bibliografikoak
Egile nagusia: Hồ, Anh Thái
Formatua: Liburua
Hizkuntza:Undetermined
Argitaratua: Hà Nội Phụ nữ 2003
Gaiak:
Etiketak: Etiketa erantsi
Etiketarik gabe, Izan zaitez lehena erregistro honi etiketa jartzen!
Thư viện lưu trữ: Trung tâm Học liệu Trường Đại học Cần Thơ
LEADER 00560nam a2200193Ia 4500
001 CTU_64607
008 210402s9999 xx 000 0 und d
020 |b 46000 
082 |a 895.922301 
082 |b Th103 
100 |a Hồ, Anh Thái 
245 0 |a Người đàn bà trên đảo trong sương hồng hiện ra 
245 0 |c Hồ Anh Thái 
260 |a Hà Nội 
260 |b Phụ nữ 
260 |c 2003 
650 |a Short stories, vietnamese 
904 |i Tuyên 
980 |a Trung tâm Học liệu Trường Đại học Cần Thơ